000 00840nas a2200253 4500
001 BR8104611
003 BR-BrBNA
005 20231205084838.0
007 ta
008 230509b bl.|||p| |||| 00| 00por d
040 _aBR-BrBNA
_bpor
_cBiblioteca Nacional de Agricultura
041 _a(Pt)
072 _aF00
100 1 _aKersten, E.
100 1 _aFachinello, J.C.
245 1 _aEfeito do acido indolbutirico (IBA)na percentagem de estacas herbaceas enraizadas de figueira (Ficus carica L.), cultivar roxo de Valinhos em condicao de nebulizacao [Rio Grande do Sul, Brasil]
650 _aFIGO
650 _aHORMONIO VEGETAL
650 _aESTACA
650 _aENRAIZAMENTO
773 0 _tAgros (Brazil)
_xISSN 0365-2742
_g(1981), v. 16(3-4) p. 5-10
_wBR8104611
909 _a202311
_bLúcia
_c55
_dLúcia Elande
942 _2AGRIS
_n0
_cANA
999 _c107653
_d107653